000 00900nam a2200229Ii 4500
003 JO-AjNU
008 230605s9999||||xx |||||||||||||| ||und||
017 _a2009/8422
020 _a977-328-599-5
040 _aJO-AjNU
_bara
_erda
_cJO-AjNU
041 _aara
050 1 4 _aHB181.D846.2010
100 3 _aدويدار،محمد,
_eauthor
_933932
245 0 0 _aمبادىء الاقتصاد السياسي ج1 الاساسيات:تاريخ علم الاقتصاد السياسي-الاقتصاد السياسي والراسمالية الاقتصاد السياسي والاشتراكية
250 _aط3 معدلة
264 3 1 _aالاسكندرية:دار الجامعة الجديدة للنشر،2010
300 _aج1، 872ص
336 _atext
_btxt
_2rdacontent
337 _aunmediated
_bn
_2rdamedia
338 _avolume
_bnc
_2rdacarrier
650 4 _aاقتصاد سياسي
_933933
999 _aA13860
_c17428
_d17428